Celebrities With "H" Names by Picture - Statistics

General Stats
  • This quiz has been taken 122 times
  • The average score is 7 of 10
Answer Stats
Picture Answer % Correct
Hillary Clinton
94%
Harrison Ford
89%
Harry Styles
84%
Halle Berry
80%
Hugh Jackman
79%
King Henry VIII
73%
Harry S. Truman
59%
Helen Mirren
58%
Hillary Swank
49%
Henry Winkler
41%
No matching quizzes found
Score Distribution
Percent of People with Each Score
Percentile by Number Answered
Your Score History
You have not taken this quiz